| 000 | 00663cab a2200205 4500 | ||
|---|---|---|---|
| 001 | WB2646-12 | ||
| 008 | 090401t1990 xxu||||| |||| 00| 0 eng d | ||
| 035 | _a(Sirsi) u28779 | ||
| 041 | _aeng | ||
| 245 | _aLogbooks for homes | ||
| 260 | _c1990 | ||
| 350 | _a0 | ||
| 490 |
_aIndependent on Sunday _v18/11/90 p73 |
||
| 520 | _aA report published this year by the Adam Smith Institute promoted the use of a logbook, in which to note down all details of your house and work done to it and which can be used as a legally binding document. | ||
| 650 | _aHOME OWNERSHIP | ||
| 650 | _aHOUSE PURCHASE | ||
| 690 | _aHOUSING | ||
| 942 | _n0 | ||
| 948 | _c04/03/1997 | ||
| 999 |
_c19356 _d19356 |
||